La política de la primera administración Reagan a El Salvador: enero 1981- noviembre 1984

Uloženo v:
Podrobná bibliografie
Hlavní autor: Cuenca, Breny
Korporativní autor: Centro de Estudios Centroamericanos de Relaciones Internacionales
Médium: Text
Vydáno: México, D.F.: CECARI
Tagy: Přidat tag
Žádné tagy, Buďte první, kdo vytvoří štítek k tomuto záznamu!

MARC

LEADER 00000 a a2200000 04500
001 21294
003
040
090 |a 093100  
100 |a Cuenca, Breny  
110 |a Centro de Estudios Centroamericanos de Relaciones Internacionales  
245 |a La política de la primera administración Reagan a El Salvador: enero 1981- noviembre 1984  
260 |a México, D.F.:   |b CECARI  
300 |a 99 p.  
999 |c 13885  |d 13885